Lyrics Centre Court Rin, Bausa, Ufo361 - Statistiken

Allgemein
  • Dieses Quiz wurde 41 mal gespielt
  • Das Durchschnittsergebnis liegt bei 111 aus 324
Antwortstatistiken
Antwort % Korrekt
Centre
89%
Court
89%
ne
75%
Aus
71%
aus
71%
den
71%
Kleinstadt
71%
alle
64%
auf
64%
B
64%
Wir
64%
wir
64%
davon
61%
do
61%
doch
61%
Doch
61%
rennt
61%
wollen
61%
dem
57%
in
57%
ner
57%
rein
57%
die
50%
Die
50%
ein
50%
ich
50%
Ich
50%
nicht
50%
im
46%
mein
46%
von
46%
war
46%
wär
46%
wer
46%
als
43%
Als
43%
eine
43%
es
43%
ja
43%
mehr
43%
mit
43%
See
43%
So
43%
so
43%
für
39%
hab
39%
nie
39%
noch
39%
P
39%
viel
39%
Wie
39%
wie
39%
an
36%
Bus
36%
Continental
36%
das
36%
High
36%
ist
36%
kein
36%
meine
36%
Rapp
36%
Rente
36%
Stay
36%
und
36%
zu
36%
2020
32%
bei
32%
einer
32%
fahr
32%
Fahr
32%
gönn
32%
Knossi
32%
mach
32%
mir
32%
schlaf
32%
schonmal
32%
sind
32%
Twitch
32%
vielleicht
32%
Änder
29%
Bin
29%
Club
29%
Deutsch
29%
Dom
29%
Gold
29%
hör
29%
jede
29%
Jede
29%
Lauf
29%
Life
29%
Livestream
29%
muss
29%
nein
29%
nur
29%
sagt
29%
Sommer
29%
trink
29%
über
29%
wäre
29%
warum
29%
Water
29%
weil
29%
Yacht
29%
Bock
25%
bring
25%
Cabrio
25%
Count
25%
deine
25%
Denk
25%
denkt
25%
denn
25%
deutlich
25%
Dicka
25%
disturb
25%
Drake
25%
drauf
25%
durch
25%
Emotions
25%
euch
25%
Flavio
25%
frage
25%
Geld
25%
GEMA
25%
Haben
25%
haben
25%
hier
25%
Komme
25%
Konto
25%
Maler
25%
meinen
25%
mich
25%
Name
25%
niemals
25%
not
25%
Page
25%
Papa
25%
Schampus
25%
sprechen
25%
spricht
25%
Steig
25%
Strike
25%
tapeziere
25%
Trophies
25%
Wänden
25%
Wumme
25%
atemlos
21%
aufgeteilt
21%
Brüder
21%
CEOs
21%
Counter
21%
Coupe
21%
einen
21%
erfolgdotcom
21%
esse
21%
Film
21%
Fischer
21%
GLE
21%
hätte
21%
Helene
21%
Hotel
21%
können
21%
Laufhaus
21%
Lehrer
21%
macht
21%
Macht
21%
Manchmal
21%
manchmal
21%
Merch-Drop
21%
Mio
21%
Nacht
21%
neben
21%
Nullen
21%
ob
21%
Please
21%
Radio
21%
rappte
21%
reload
21%
Robbie
21%
schieß
21%
sieben
21%
Songs
21%
Stadt
21%
Summe
21%
Williams
21%
Workshop
21%
zum
21%
10k
18%
Aber
18%
bestellt
18%
Cards
18%
Credit
18%
eigenen
18%
Elon
18%
fragten
18%
gemacht
18%
genervt
18%
Gepanzerte
18%
Haftbefehl
18%
halbe
18%
Hermes-Taschen
18%
heut
18%
Mache
18%
Metall
18%
Musk
18%
Praktikum
18%
selbst
18%
S-Klasse
18%
uns
18%
Abiat
14%
alles
14%
brauchen
14%
Clips
14%
Comer
14%
fallen
14%
Full
14%
Gramm
14%
nichts
14%
selber
14%
SUV
14%
zahlen
14%
zehn
14%
abgesichert
11%
also
11%
Finger
11%
Gerade
11%
grade
11%
Guckmal
11%
Ins
11%
Konsumiere
11%
my
11%
Nike
11%
wollte
11%
blessings
7%
Chair
7%
Dikembe
7%
Eames
7%
Konvoi
7%
Lounge
7%
Keine übereinstimmenden Quizze gefunden
Verteilung der Resultate
Anzahl Personen mit jedem Resultat
Perzentil nach korrekt beantworteten Fragen
Ihre Resultats-Entwicklung
Sie haben dieses Quiz noch nicht gespielt